000 00270nam a2200109Ia 4500
008 231212s1984 xx 000 0 und d
041 _aeng
082 _a621.3841
100 _aTraister John E
245 _aPractical Electrical Measuring
260 _aPune
_bTarapur
_c1984
999 _c959394
_d959394